[Event "Bonne Annee"]
[Site "Charny CAN"]
[Date "1998.01.11"]
[Round "4"]
[White "Auger, Bertrand"]
[Black "Beaudoin, Stephane"]
[Result "0-1"]
[WhiteElo "2011"]
[BlackElo "1853"]
[PlyCount "74"]
[GameId "2160767911874070"]
[EventDate "1998.01.09"]
[EventType "swiss"]
[EventRounds "5"]
[EventCountry "CAN"]
[SourceTitle "Echec+ 1998.03"]

1. Nf3 Nf6 2. g3 e6 3. c4 d5 4. Bg2 dxc4 5. Qa4+ Nbd7 6. Qxc4 a6 7. O-O b5 8. Qc2 Bb7 9. b3 Be7 10. Bb2 O-O 11. d3 c5 12. Nbd2 Rc8 13. a4 Nd5 14. axb5 axb5 15. Ra7 Qb6 16. Rfa1 Ra8 17. Rxa8 Rxa8 18. Rxa8+ Bxa8 19. Qc1 Qa6 20. d4 Nb4 21. dxc5 Bxc5 22. Qc3 Bf8 23. h4 Nf6 24. Qe5 Nbd5 25. Qb8 Ne7 26. Ne5 Bxg2 27. Kxg2 Qa2 28. Nd3 Qa5 29. Bxf6 gxf6 30. Ne4 Nd5 31. Ndc5 Kg7 32. Nd7 Be7 33. Qe8 Qb4 34. f3 Ne3+ 35. Kh3 Qe1 36. g4 Qg1 37. h5 Qg2+ 0-1

[Event "Brantford op"]
[Site "Brantford CAN"]
[Date "1998.11.07"]
[Round "2"]
[White "Demmery, Steve"]
[Black "Cafengiu, Greg"]
[Result "0-1"]
[WhiteElo "2072"]
[BlackElo "1949"]
[PlyCount "60"]
[GameId "2160767911806075"]
[EventDate "1998.11.07"]
[EventType "swiss"]
[EventRounds "5"]
[EventCountry "CAN"]
[SourceTitle "CFC 1999.04"]
[Source "CFC"]
[SourceDate "1999.04.??"]
[SourceVersionDate "1999.04.??"]
[SourceQuality "1"]

1. d4 d5 2. Nf3 Nf6 3. Bf4 c5 4. e3 Qb6 5. Qc1 Bf5 6. Bd3 Bxd3 7. cxd3 e6 8. O-O Nc6 9. dxc5 Bxc5 10. Nc3 Be7 11. d4 Rc8 12. Qd2 Na5 13. Ne5 Nc4 14. Nxc4 Rxc4 15. b3 Rc8 16. Na4 Qb5 17. Rfc1 O-O 18. Qb2 b6 19. Rc2 Ba3 20. Qb1 Qd7 21. Nb2 Rxc2 22. Qxc2 Rc8 23. Qe2 Rc6 24. Nd3 Qc8 25. Be5 Rc2 26. Qf3 Ne4 27. Qg4 Bf8 28. f3 Qc3 29. fxe4 Qxa1+ 30. Ne1 Qxe1# 0-1

[Event "British Columbia ch"]
[Site "Vancouver CAN"]
[Date "1998.04.09"]
[Round "1"]
[White "Afrah, Navid"]
[Black "Poitras, Luc"]
[Result "1-0"]
[WhiteElo "2230"]
[BlackElo "2095"]
[PlyCount "37"]
[GameId "2160767911873581"]
[EventDate "1998.04.09"]
[EventType "tourn"]
[EventRounds "7"]
[EventCountry "CAN"]
[SourceTitle "EXT 2002"]
[Source "ChessBase"]
[SourceDate "2001.11.25"]
[SourceVersion "1"]
[SourceVersionDate "2001.11.25"]
[SourceQuality "1"]

1. e4 g6 2. d4 Bg7 3. Nc3 d6 4. Be3 c6 5. Qd2 b5 6. O-O-O Nd7 7. f3 Nb6 8. g4 Nf6 9. Bh6 Nc4 10. Bxc4 Bxh6 11. Bxf7+ Kxf7 12. Qxh6 b4 13. Nce2 a5 14. h4 Be6 15. Nh3 Ke8 16. Nhf4 Kd7 17. Nxe6 Kxe6 18. h5 Kf7 19. Nf4 1-0

[Event "British Columbia ch"]
[Site "Vancouver CAN"]
[Date "1998.04.09"]
[Round "1"]
[White "Basanta, Gary"]
[Black "Taylor, Nicholas"]
[Result "1-0"]
[WhiteElo "2340"]
[BlackElo "1838"]
[PlyCount "73"]
[GameId "2160767911873582"]
[EventDate "1998.04.09"]
[EventType "tourn"]
[EventRounds "7"]
[EventCountry "CAN"]

1. e4 c5 2. Nf3 Nc6 3. b4 Nxb4 4. c3 Nc6 5. d4 cxd4 6. cxd4 e6 7. Bd3 Nf6 8. O-O a6 9. Nc3 d5 10. e5 Ng8 11. Be3 Be7 12. Rc1 Bd7 13. Na4 b5 14. Nc5 Nb4 15. Bb1 a5 16. Ne1 h5 17. a3 Na6 18. Ned3 Bxc5 19. dxc5 Qc7 20. Nf4 g6 21. c6 Bxc6 22. Bxg6 Ne7 23. Bd3 Qxe5 24. Rxc6 Nxc6 25. Bxb5 Nab8 26. Bd4 Qxf4 27. Bxh8 h4 28. Re1 Kd7 29. Be5 Qf5 30. Qc1 Kd8 31. Bxc6 Nxc6 32. Qxc6 Rc8 33. Qb6+ Ke7 34. Qb7+ Kd8 35. Bd6 Qg5 36. f4 Qf6 37. Be5 1-0

[Event "British Columbia ch"]
[Site "Vancouver CAN"]
[Date "1998.04.09"]
[Round "1"]
[White "Hallam, John"]
[Black "Kostadinov, George"]
[Result "0-1"]
[WhiteElo "2276"]
[BlackElo "2245"]
[PlyCount "59"]
[GameId "2160767911873583"]
[EventDate "1998.04.09"]
[EventType "tourn"]
[EventRounds "7"]
[EventCountry "CAN"]

1. d4 c5 2. d5 f5 3. c4 Nf6 4. Nc3 g6 5. Nf3 d6 6. g3 Bg7 7. Bg2 O-O 8. O-O Nbd7 9. Rb1 Ng4 10. h3 Nge5 11. Ng5 Nb6 12. Ne6 Bxe6 13. dxe6 Rb8 14. b3 Nexc4 15. Nb5 Ne5 16. Nxa7 Ra8 17. Nb5 Rxa2 18. Bxb7 Qb8 19. Bg2 Nd5 20. Qxd5 Qxb5 21. Bg5 Re8 22. f4 h6 23. fxe5 hxg5 24. exd6 Rd8 25. b4 Bd4+ 26. Kh1 Rxe2 27. bxc5 Qxc5 28. d7 g4 29. hxg4 Kg7 30. Bh3 0-1

[Event "British Columbia ch"]
[Site "Vancouver CAN"]
[Date "1998.04.10"]
[Round "2"]
[White "Ferguson, Jim"]
[Black "Taylor, Nicholas"]
[Result "1-0"]
[WhiteElo "2235"]
[BlackElo "1838"]
[PlyCount "100"]
[GameId "2160767911873585"]
[EventDate "1998.04.09"]
[EventType "tourn"]
[EventRounds "7"]
[EventCountry "CAN"]

1. e4 c5 2. Nf3 Nc6 3. Bb5 Qc7 4. O-O e6 5. Re1 Nge7 6. c3 a6 7. Bf1 d5 8. e5 Bd7 9. d4 cxd4 10. cxd4 b5 11. Be3 Nf5 12. Nbd2 Qa7 13. Nb3 Bb4 14. Bd2 Be7 15. Rc1 h5 16. Be3 Rg8 17. Re2 g5 18. Rec2 Rc8 19. Ne1 g4 20. a3 Qb6 21. Nd3 a5 22. Nf4 Bg5 23. Rc5 Nce7 24. Bxb5 Bxb5 25. Rxc8+ Nxc8 26. Rxc8+ Bd8 27. Nxh5 Kd7 28. Ra8 Kc7 29. Nf6 Rh8 30. Qc1+ Bc6 31. Nxa5 Bxf6 32. Nxc6 Rxa8 33. Nb4+ Kd7 34. exf6 Rc8 35. Qd1 Nxd4 36. Nc2 Qb3 37. Qxd4 Qxc2 38. g3 Qc4 39. Qa7+ Rc7 40. Qb8 d4 41. Bf4 Rc6 42. Qb7+ Kd8 43. Qxf7 Qe2 44. Qf8+ Kd7 45. Qe7+ Kc8 46. Qe8+ Kb7 47. Qd7+ Kb6 48. Qxd4+ Kb7 49. Qd7+ Kb6 50. Be3+ Kb5 1-0

[Event "British Columbia ch"]
[Site "Vancouver CAN"]
[Date "1998.04.10"]
[Round "2"]
[White "Kostadinov, George"]
[Black "Afrah, Navid"]
[Result "1-0"]
[WhiteElo "2245"]
[BlackElo "2230"]
[PlyCount "79"]
[GameId "2160767911873586"]
[EventDate "1998.04.09"]
[EventType "tourn"]
[EventRounds "7"]
[EventCountry "CAN"]

1. d4 Nf6 2. c4 g6 3. Nc3 d5 4. cxd5 Nxd5 5. e4 Nxc3 6. bxc3 Bg7 7. Be3 O-O 8. Bc4 c5 9. Ne2 Nc6 10. O-O Na5 11. Bb3 Bd7 12. Qd2 Rc8 13. Rab1 cxd4 14. cxd4 b6 15. Rfc1 Rxc1+ 16. Rxc1 Bb5 17. d5 Bxe2 18. Qxe2 Qd7 19. Qc2 Be5 20. f4 Bd6 21. Qc3 Ba3 22. Rc2 Rd8 23. Qc7 Nxb3 24. Qxd7 Rxd7 25. axb3 f5 26. Ra2 Bb4 27. Ra4 Bc3 28. e5 Rxd5 29. Rxa7 Bd4 30. Bxd4 Rxd4 31. g3 Kf7 32. Rc7 Rd3 33. b4 Rb3 34. Rc4 Rb2 35. Rd4 Ke6 36. h3 h6 37. Kf1 g5 38. Kg1 g4 39. h4 b5 40. Kf1 1-0

[Event "British Columbia ch"]
[Site "Vancouver CAN"]
[Date "1998.04.10"]
[Round "2"]
[White "Milicevic, Dragoljub"]
[Black "Hallam, John"]
[Result "1/2-1/2"]
[WhiteElo "2200"]
[BlackElo "2276"]
[PlyCount "171"]
[GameId "2160767911873587"]
[EventDate "1998.04.09"]
[EventType "tourn"]
[EventRounds "7"]
[EventCountry "CAN"]

1. Nf3 Nf6 2. g3 c5 3. c4 Nc6 4. Bg2 d5 5. cxd5 Nxd5 6. Nc3 Nc7 7. O-O e5 8. d3 Be7 9. Nd2 Bd7 10. a4 O-O 11. Nc4 b6 12. Bxc6 Bxc6 13. Nxe5 Bb7 14. Be3 Ne6 15. f3 Nd4 16. Kg2 Bg5 17. Bxg5 Qxg5 18. Nc4 Qe7 19. e3 Ne6 20. Qe2 Rad8 21. Rad1 Qd7 22. Rd2 Rfe8 23. Ne4 Qxa4 24. Ned6 Re7 25. Nxb7 Rxb7 26. f4 Qc6+ 27. Qf3 Qxf3+ 28. Kxf3 f6 29. Rfd1 Rbd7 30. f5 Nc7 31. d4 cxd4 32. Rxd4 Rxd4 33. Rxd4 Rxd4 34. exd4 Nb5 35. Ke4 Kf7 36. Kd5 Ke7 37. Na3 Nd6 38. g4 Kd7 39. b4 a6 40. h3 Nc8 41. Nc4 Ne7+ 42. Ke4 Kc6 43. Ne3 Kb5 44. Nd5 Nc6 45. Nc7+ Kxb4 46. Nxa6+ Kc4 47. d5 Ne5 48. d6 Nd7 49. h4 h6 50. h5 b5 51. Nc7 b4 52. Ke3 b3 53. Kd2 Kc5 54. Ne8 Kc6 55. Kc3 Nc5 56. Kb2 Kd7 57. Nxg7 Kxd6 58. Ne8+ Ke5 59. Nc7 Ne4 60. Kxb3 Kf4 61. Kc4 Kxg4 62. Kd4 Kxf5 63. Nd5 Ng3 64. Ke3 Nxh5 65. Kf3 Ng7 66. Kg3 Kg5 67. Kh3 Ne6 68. Kg3 f5 69. Kf3 h5 70. Ne3 Nd4+ 71. Kg2 Nc6 72. Nf1 Ne5 73. Kg3 f4+ 74. Kh3 Nf3 75. Kg2 Kg4 76. Kf2 h4 77. Kg2 h3+ 78. Kf2 h2 79. Kg2 Kf5 80. Kh1 Ke4 81. Kg2 Kd3 82. Kh1 Ke2 83. Kg2 Ke1 84. Kh1 Ne5 85. Nxh2 Kf2 86. Ng4+ 1/2-1/2

[Event "British Columbia ch"]
[Site "Vancouver CAN"]
[Date "1998.04.10"]
[Round "2"]
[White "Poitras, Luc"]
[Black "Basanta, Gary"]
[Result "1/2-1/2"]
[WhiteElo "2095"]
[BlackElo "2340"]
[PlyCount "127"]
[GameId "2160767911873588"]
[EventDate "1998.04.09"]
[EventType "tourn"]
[EventRounds "7"]
[EventCountry "CAN"]
[SourceTitle "EXT 2002"]
[Source "ChessBase"]
[SourceDate "2001.11.25"]
[SourceVersion "1"]
[SourceVersionDate "2001.11.25"]
[SourceQuality "1"]

1. e4 c5 2. Nf3 d6 3. d4 cxd4 4. Nxd4 Nf6 5. Nc3 a6 6. Bc4 e6 7. Bb3 Be7 8. f4 O-O 9. O-O Nbd7 10. f5 Nc5 11. fxe6 fxe6 12. Qe2 Qd7 13. Be3 b5 14. a3 Nxb3 15. cxb3 Qb7 16. b4 Nxe4 17. Rxf8+ Bxf8 18. Rf1 Nxc3 19. bxc3 Qe7 20. Bg5 Qe8 21. Qe4 Bd7 22. Re1 Rc8 23. Bd2 Rc4 24. Qb7 Bc8 25. Qf3 Qf7 26. Qe2 e5 27. Rf1 Qe7 28. Nc2 Be6 29. Ne3 Rc8 30. Qf3 Qa7 31. Kh1 Be7 32. Nd5 Rf8 33. Nxe7+ Qxe7 34. Qxf8+ Qxf8 35. Rxf8+ Kxf8 36. Kg1 Kf7 37. Kf2 Bf5 38. Ke2 Ke6 39. Bg5 Kd7 40. Kd2 h6 41. Be3 Kc6 42. Ba7 Kb7 43. Bf2 Be4 44. g3 Bg2 45. h4 Be4 46. Be3 Bf5 47. Bf2 Kc7 48. Ba7 Bb1 49. Kc1 Ba2 50. Kd2 g5 51. hxg5 hxg5 52. Be3 g4 53. Ba7 Kb7 54. Be3 Bd5 55. Bf2 Bf3 56. Bg1 Kc6 57. Ba7 Kd5 58. Bb8 e4 59. Bc7 Kc4 60. Bxd6 e3+ 61. Kxe3 Kxc3 62. Bc7 Bb7 63. Ba5 Kb3 64. Kd4 1/2-1/2

[Event "British Columbia ch"]
[Site "Vancouver CAN"]
[Date "1998.01.10"]
[Round "3"]
[White "Hallam, John"]
[Black "Ferguson, Jim"]
[Result "0-1"]
[WhiteElo "2276"]
[BlackElo "2235"]
[PlyCount "52"]
[GameId "2160767911873589"]
[EventDate "1998.04.09"]
[EventType "tourn"]
[EventRounds "7"]
[EventCountry "CAN"]

1. d4 Nf6 2. c4 g6 3. Nc3 Bg7 4. e4 d6 5. Nf3 O-O 6. Be2 e5 7. O-O Nc6 8. d5 Ne7 9. Ne1 Nd7 10. Nd3 f5 11. Bd2 Nf6 12. f3 h5 13. c5 Kh8 14. Be3 f4 15. Bf2 g5 16. Qc2 g4 17. Nb5 Ne8 18. a4 Ng6 19. Kh1 g3 20. hxg3 fxg3 21. Bxg3 Bh6 22. Bf2 Nf4 23. g3 Qd7 24. Nxf4 Bxf4 25. g4 hxg4 26. Bh4 g3 0-1

[Event "British Columbia ch"]
[Site "Vancouver CAN"]
[Date "1998.04.10"]
[Round "3"]
[White "Afrah, Navid"]
[Black "Milicevic, Dragoljub"]
[Result "0-1"]
[WhiteElo "2230"]
[BlackElo "2200"]
[PlyCount "78"]
[GameId "2160767911873590"]
[EventDate "1998.04.09"]
[EventType "tourn"]
[EventRounds "7"]
[EventCountry "CAN"]
[SourceTitle "EXT 2002"]
[Source "ChessBase"]
[SourceDate "2001.11.25"]
[SourceVersion "1"]
[SourceVersionDate "2001.11.25"]
[SourceQuality "1"]

1. e4 d5 2. exd5 Nf6 3. d4 Nxd5 4. c4 Nf6 5. Nf3 g6 6. c5 Nd5 7. Bc4 Bg7 8. Qb3 c6 9. Nc3 e6 10. Ne4 O-O 11. O-O Nd7 12. Bg5 f6 13. Bh4 b5 14. Bxd5 exd5 15. Nd6 g5 16. Bg3 g4 17. Nh4 f5 18. Qe3 Nxc5 19. dxc5 f4 20. Bxf4 Qxh4 21. Bg5 Qh5 22. Be7 Be5 23. f4 gxf3 24. g3 Bg4 25. Bxf8 Rxf8 26. Rf2 Rf6 27. Raf1 Rh6 28. Nf5 Qxf5 29. Qxh6 Bd4 30. Qf4 Qe4 31. h4 Bxc5 32. Kh2 Bxf2 33. Rxf2 Qxf4 34. gxf4 c5 35. Rd2 Kf7 36. Rxd5 f2 37. Kg2 Bf3+ 38. Kxf3 f1=Q+ 39. Ke4 Qe2+ 0-1

[Event "British Columbia ch"]
[Site "Vancouver CAN"]
[Date "1998.04.10"]
[Round "3"]
[White "Basanta, Gary"]
[Black "Kostadinov, George"]
[Result "1-0"]
[WhiteElo "2340"]
[BlackElo "2245"]
[PlyCount "59"]
[GameId "2160767911873591"]
[EventDate "1998.04.09"]
[EventType "tourn"]
[EventRounds "7"]
[EventCountry "CAN"]

1. e4 d6 2. d4 Nd7 3. Nf3 e5 4. Bc4 c6 5. dxe5 dxe5 6. Ng5 Nh6 7. Qf3 Qf6 8. Qg3 Bd6 9. O-O O-O 10. a4 Nc5 11. Rd1 Bc7 12. Ra3 a5 13. Rf3 Qg6 14. h3 Qh5 15. b3 Nf5 16. exf5 Bxf5 17. Nc3 Qg6 18. Nxf7 Rxf7 19. Qxg6 Bxg6 20. Ba3 Bb6 21. Bxc5 Bxc5 22. Rd7 Raf8 23. Rxb7 h6 24. Rc7 Bb4 25. Rxc6 Kh7 26. Bxf7 Rxf7 27. Rxf7 Bxf7 28. Rc7 Bg6 29. Nd5 Be4 30. Nf6+ 1-0

[Event "British Columbia ch"]
[Site "Vancouver CAN"]
[Date "1998.04.10"]
[Round "3"]
[White "Taylor, Nicholas"]
[Black "Poitras, Luc"]
[Result "0-1"]
[WhiteElo "1838"]
[BlackElo "2095"]
[PlyCount "84"]
[GameId "2160767911873592"]
[EventDate "1998.04.09"]
[EventType "tourn"]
[EventRounds "7"]
[EventCountry "CAN"]

1. e4 c5 2. Nf3 Nc6 3. d4 cxd4 4. Nxd4 e5 5. Nb5 d6 6. c4 a6 7. N5c3 Be6 8. Be3 Nf6 9. Be2 Be7 10. Nd5 O-O 11. Nbc3 Rc8 12. f3 Nh5 13. O-O Bg5 14. Qd2 Bxe3+ 15. Qxe3 Nd4 16. Bd3 Bxd5 17. Nxd5 Ne6 18. g3 Re8 19. Kg2 h6 20. f4 exf4 21. gxf4 Nc5 22. Qf3 Nf6 23. Rae1 Nxd5 24. cxd5 Qf6 25. Re2 Nxd3 26. Qxd3 Rc5 27. Rff2 Qg5+ 28. Qg3 Qh5 29. f5 Re5 30. h4 Rcxd5 31. exd5 Rxe2 32. Kh3 Rxf2 33. Qxf2 Qd1 34. Qg2 Qd3+ 35. Kg4 Qd4+ 36. Kh3 Qe5 37. Qf3 Qxb2 38. Qf4 Qc3+ 39. Kg4 Qf6 40. Qc4 h5+ 41. Kg3 Qe5+ 42. Kg2 Qxf5 0-1

[Event "British Columbia ch"]
[Site "Vancouver CAN"]
[Date "1998.04.11"]
[Round "4"]
[White "Ferguson, Jim"]
[Black "Poitras, Luc"]
[Result "0-1"]
[WhiteElo "2235"]
[BlackElo "2095"]
[PlyCount "100"]
[GameId "2160767911873593"]
[EventDate "1998.04.09"]
[EventType "tourn"]
[EventRounds "7"]
[EventCountry "CAN"]
[SourceTitle "EXT 2002"]
[Source "ChessBase"]
[SourceDate "2001.11.25"]
[SourceVersion "1"]
[SourceVersionDate "2001.11.25"]
[SourceQuality "1"]

1. c4 e5 2. Nc3 Nf6 3. Nf3 Nc6 4. g3 Bb4 5. Bg2 d6 6. O-O Bxc3 7. bxc3 O-O 8. d3 d5 9. cxd5 Nxd5 10. Qb3 Nb6 11. Ng5 h6 12. Ne4 Be6 13. Qb5 a6 14. Qb1 Bd5 15. Ba3 Re8 16. c4 Bxe4 17. Bxe4 Nd4 18. Qd1 Rb8 19. e3 Ne6 20. f4 exf4 21. gxf4 Nd7 22. Bg2 Nec5 23. e4 Qh4 24. Qf3 Ne6 25. Bb2 Ndc5 26. Rad1 Rbd8 27. Qe3 Na4 28. Ba1 c5 29. Kh1 Nd4 30. e5 Nf5 31. Qf3 b5 32. cxb5 axb5 33. Kg1 Qe7 34. Bh3 Nd4 35. Bxd4 Rxd4 36. Rfe1 Nc3 37. Rd2 Nd5 38. Re4 Rb4 39. Rxb4 Nxb4 40. Re2 Rd8 41. e6 f6 42. Bf5 c4 43. Qh5 cxd3 44. Rd2 Qc5+ 45. Kg2 Nd5 46. Qf7+ Kh8 47. Rxd3 Nxf4+ 48. Kf3 Nxd3 49. e7 Qf2+ 50. Kg4 Qf4+ 0-1

[Event "British Columbia ch"]
[Site "Vancouver CAN"]
[Date "1998.04.11"]
[Round "4"]
[White "Kostadinov, George"]
[Black "Taylor, Nicholas"]
[Result "1-0"]
[WhiteElo "2245"]
[BlackElo "1838"]
[PlyCount "113"]
[GameId "2160767911873594"]
[EventDate "1998.04.09"]
[EventType "tourn"]
[EventRounds "7"]
[EventCountry "CAN"]

1. d4 f5 2. c4 e6 3. Nc3 Nf6 4. Nf3 b6 5. g3 Bb7 6. Bg2 Bb4 7. O-O O-O 8. a3 Bxc3 9. bxc3 Ne4 10. Qc2 Qf6 11. Bf4 c5 12. Ng5 d5 13. Nxe4 fxe4 14. Rfd1 Nd7 15. Rab1 Bc6 16. cxd5 exd5 17. c4 cxd4 18. cxd5 Bxd5 19. Bxe4 Bxe4 20. Qxe4 Nc5 21. Qxd4 Qxd4 22. Rxd4 Ne6 23. Re4 Nxf4 24. gxf4 Rfe8 25. Rbb4 Kf7 26. Kf1 Rab8 27. Rec4 b5 28. Rc5 a6 29. Ke1 Rbc8 30. Rf5+ Kg6 31. Rg5+ Kf6 32. Rg3 Red8 33. Kf1 Rc2 34. Re3 Rd5 35. a4 Rc1+ 36. Kg2 Rc4 37. Rxc4 bxc4 38. Rc3 Rc5 39. Kf3 Kf5 40. e4+ Ke6 41. Ke3 Rh5 42. Rxc4 Rxh2 43. Rc6+ Kf7 44. Rxa6 Rh3+ 45. Kd4 Rf3 46. Ke5 Rxf2 47. f5 h5 48. Ra7+ Kg8 49. Ke6 h4 50. Ra8+ Kh7 51. Rd8 Rf4 52. Ke5 Rf1 53. Rd2 Kh6 54. Ra2 h3 55. Ra3 Rh1 56. a5 Kh5 57. a6 1-0

[Event "British Columbia ch"]
[Site "Vancouver CAN"]
[Date "1998.04.11"]
[Round "4"]
[White "Milicevic, Dragoljub"]
[Black "Basanta, Gary"]
[Result "1/2-1/2"]
[WhiteElo "2200"]
[BlackElo "2340"]
[PlyCount "107"]
[GameId "2160767911873595"]
[EventDate "1998.04.09"]
[EventType "tourn"]
[EventRounds "7"]
[EventCountry "CAN"]
[SourceTitle "EXT 2002"]
[Source "ChessBase"]
[SourceDate "2001.11.25"]
[SourceVersion "1"]
[SourceVersionDate "2001.11.25"]
[SourceQuality "1"]

1. c4 Nf6 2. Nf3 b6 3. g3 Bb7 4. Bg2 e6 5. O-O c5 6. Nc3 d6 7. Re1 a6 8. d4 cxd4 9. Qxd4 Nbd7 10. e4 Qc7 11. b3 Be7 12. Ba3 O-O 13. Rad1 Nc5 14. Nd2 Ng4 15. Nf1 Rad8 16. h3 Nf6 17. Qe3 Rfe8 18. f4 Bf8 19. g4 Nfxe4 20. Nxe4 Nxe4 21. Bxe4 Bxe4 22. Qxe4 d5 23. cxd5 Bxa3 24. b4 a5 25. bxa5 bxa5 26. dxe6 Rxe6 27. Qf3 Rxe1 28. Rxe1 Bd6 29. Qe4 h6 30. f5 Qc3 31. Kg2 Bc5 32. Re2 Bb6 33. Rc2 Qa1 34. Re2 Qd1 35. Re1 Qd6 36. Re2 Qc5 37. Qe3 Qb5 38. Qe5 Qc6+ 39. Qe4 Qc5 40. Qe3 Qxe3 41. Nxe3 Bxe3 42. Rxe3 Rd2+ 43. Kg3 Rxa2 44. Re8+ Kh7 45. Rf8 f6 46. Kh4 Ra3 47. Rf7 a4 48. Ra7 Rf3 49. Rxa4 h5 50. Ra8 hxg4 51. hxg4 Rf1 52. Rb8 Rh1+ 53. Kg3 Rg1+ 54. Kh4 1/2-1/2

[Event "British Columbia ch"]
[Site "Vancouver CAN"]
[Date "1998.04.13"]
[Round "4"]
[White "Hallam, John"]
[Black "Afrah, Navid"]
[Result "1/2-1/2"]
[WhiteElo "2276"]
[BlackElo "2230"]
[PlyCount "103"]
[GameId "2160767911873596"]
[EventDate "1998.04.09"]
[EventType "tourn"]
[EventRounds "7"]
[EventCountry "CAN"]

1. d4 Nf6 2. c4 g6 3. Nc3 d5 4. Nf3 Bg7 5. Qb3 dxc4 6. Qxc4 O-O 7. e4 c6 8. Qb3 Nbd7 9. h3 Qc7 10. e5 Ne8 11. e6 fxe6 12. Bc4 Nd6 13. Bxe6+ Kh8 14. Bg4 Qa5 15. h4 Ne4 16. Be3 Nxc3 17. Qxc3 Qxc3+ 18. bxc3 Nb6 19. Bxc8 Raxc8 20. h5 Kg8 21. hxg6 hxg6 22. Rb1 Rf5 23. O-O Ra5 24. Rb2 Rc7 25. Rfb1 Ra3 26. Rc2 Nc4 27. Rb3 Rd7 28. Nd2 Ra4 29. Nxc4 Rxc4 30. Rcb2 b6 31. f4 e6 32. Re2 Kf7 33. g3 Bf8 34. Kg2 Rd5 35. Kf3 Ra5 36. g4 Bd6 37. Rh2 Kg7 38. Rb1 g5 39. Rbh1 Bxf4 40. Rh7+ Kg8 41. Rh8+ Kf7 42. R8h7+ Kg8 43. Rh8+ Kf7 44. R1h7+ Kg6 45. Rh6+ Kf7 46. R8h7+ Kg8 47. Bxf4 Rxc3+ 48. Ke4 gxf4 49. Rh8+ Kf7 50. R8h7+ Kg8 51. Rh8+ Kf7 52. R8h7+ 1/2-1/2

[Event "British Columbia ch"]
[Site "Vancouver CAN"]
[Date "1998.04.11"]
[Round "5"]
[White "Afrah, Navid"]
[Black "Ferguson, Jim"]
[Result "1-0"]
[WhiteElo "2230"]
[BlackElo "2235"]
[PlyCount "89"]
[GameId "2160767911873597"]
[EventDate "1998.04.09"]
[EventType "tourn"]
[EventRounds "7"]
[EventCountry "CAN"]
[SourceTitle "EXT 2002"]
[Source "ChessBase"]
[SourceDate "2001.11.25"]
[SourceVersion "1"]
[SourceVersionDate "2001.11.25"]
[SourceQuality "1"]

1. e4 c5 2. Nf3 d6 3. Nc3 a6 4. d4 cxd4 5. Nxd4 Nf6 6. f4 Qc7 7. Qf3 b5 8. a3 g6 9. Bd3 Bb7 10. O-O Bg7 11. Be3 Nc6 12. Nxc6 Bxc6 13. Bd4 O-O 14. Rae1 Rae8 15. Kh1 Qb7 16. Qe2 e5 17. fxe5 Nd7 18. a4 bxa4 19. Bxa6 Qa8 20. Bc4 Nxe5 21. Ba2 Qb7 22. Nd5 Nd7 23. Qd2 Be5 24. Rf3 Bxd4 25. Qxd4 Bxd5 26. Bxd5 Qb5 27. c4 Qc5 28. Qd2 Rb8 29. Ref1 Ne5 30. Rh3 Rb3 31. Rh4 Qe3 32. Qxe3 Rxe3 33. Rhf4 Re2 34. Rf6 Rxb2 35. Rxd6 a3 36. Ra6 a2 37. c5 Nd3 38. Bxa2 Nxc5 39. Ra7 Nb7 40. Bd5 Nd8 41. h3 Re2 42. Rf6 Kg7 43. Rd6 Re1+ 44. Kh2 h5 45. Rad7 1-0

[Event "British Columbia ch"]
[Site "Vancouver CAN"]
[Date "1998.04.11"]
[Round "5"]
[White "Basanta, Gary"]
[Black "Hallam, John"]
[Result "1-0"]
[WhiteElo "2340"]
[BlackElo "2276"]
[PlyCount "139"]
[GameId "2160767911873598"]
[EventDate "1998.04.09"]
[EventType "tourn"]
[EventRounds "7"]
[EventCountry "CAN"]

1. e4 e6 2. d4 d5 3. Nd2 Nf6 4. e5 Nfd7 5. c3 c5 6. Bd3 Nc6 7. Ne2 Qb6 8. O-O cxd4 9. cxd4 Nxd4 10. Nxd4 Qxd4 11. Nf3 Qb6 12. Qa4 Qb4 13. Qc2 Nc5 14. Bd2 Qa4 15. b3 Qd7 16. Be2 b6 17. b4 Ba6 18. Bxa6 Nxa6 19. a3 Be7 20. Nd4 Rc8 21. Qd3 Nb8 22. Qg3 g6 23. Bh6 Rc4 24. Rad1 Bf8 25. Qh4 Be7 26. Qh3 Rg8 27. Rd3 Nc6 28. Nf3 b5 29. Re1 Qd8 30. Bc1 h5 31. g3 Qc7 32. Qf1 Nb8 33. h4 Nd7 34. Bf4 Nb6 35. Nd2 Rc2 36. Nb3 a6 37. Nd4 Rc4 38. Qe2 Kd7 39. Qf3 Kc8 40. Be3 Rg7 41. Nb3 Nd7 42. Bd4 Rxd4 43. Rxd4 Nxe5 44. Qe2 Bd6 45. Rc1 Nc4 46. Na5 Kd7 47. Nxc4 bxc4 48. Qf3 Ke7 49. Re1 Be5 50. Rdd1 d4 51. Qa8 Rh7 52. Qxa6 Rh8 53. Rxe5 Qxe5 54. Qa7+ Kf6 55. Rxd4 Kg7 56. Rxc4 Rd8 57. Rf4 Rf8 58. Qd4 Qxd4 59. Rxd4 Ra8 60. Rd3 e5 61. Rb3 Kf8 62. Kf1 Ke7 63. Ke2 Kd6 64. Kd3 Kd5 65. f3 f5 66. Rc3 Rd8 67. Ke3 Re8 68. Kd3 Ke6 69. b5 Rd8+ 70. Ke3 1-0

[Event "British Columbia ch"]
[Site "Vancouver CAN"]
[Date "1998.04.11"]
[Round "5"]
[White "Poitras, Luc"]
[Black "Kostadinov, George"]
[Result "0-1"]
[WhiteElo "2095"]
[BlackElo "2245"]
[PlyCount "46"]
[GameId "2160767911873599"]
[EventDate "1998.04.09"]
[EventType "tourn"]
[EventRounds "7"]
[EventCountry "CAN"]

1. e4 c5 2. Nf3 a6 3. d4 cxd4 4. Nxd4 Nf6 5. Nc3 e5 6. Nf3 Bb4 7. Bd2 O-O 8. Bd3 d6 9. h3 Nbd7 10. O-O Nc5 11. Qe2 Bd7 12. Nd1 Bxd2 13. Nxd2 Ne6 14. Nc3 Nf4 15. Qf3 Rc8 16. Ne2 N6h5 17. Bc4 b5 18. Bb3 Nxe2+ 19. Qxe2 Nf4 20. Qe3 Qg5 21. g4 Bxg4 22. Kh2 Bxh3 23. Rg1 Bg2 0-1

[Event "British Columbia ch"]
[Site "Vancouver CAN"]
[Date "1998.04.11"]
[Round "5"]
[White "Taylor, Nicholas"]
[Black "Milicevic, Dragoljub"]
[Result "0-1"]
[WhiteElo "1838"]
[BlackElo "2200"]
[PlyCount "84"]
[GameId "2160767911873600"]
[EventDate "1998.04.09"]
[EventType "tourn"]
[EventRounds "7"]
[EventCountry "CAN"]

1. e4 d5 2. exd5 Nf6 3. c4 c6 4. dxc6 Nxc6 5. d3 e5 6. Nc3 Bf5 7. Nf3 Bb4 8. Be2 e4 9. Nh4 Be6 10. O-O Bxc3 11. bxc3 exd3 12. Bxd3 Ne5 13. Bf5 Qxd1 14. Rxd1 Nxc4 15. Re1 Ke7 16. Nf3 Kd7 17. Ne5+ Nxe5 18. Rxe5 Bxf5 19. Rxf5 Rhc8 20. Bb2 Rc4 21. Rd1+ Kc6 22. f3 Re8 23. Kf2 Re6 24. Rd4 Rxd4 25. cxd4 Kd7 26. Rb5 Ra6 27. a3 b6 28. Rb3 Nd5 29. g3 Ra4 30. f4 Rc4 31. Kf3 f5 32. h3 a5 33. Ke2 Rc2+ 34. Kd1 Rg2 35. Bc1 a4 36. Rd3 Kc6 37. Bd2 Kb5 38. Kc2 Kc4 39. Rf3 Kxd4 40. Rd3+ Kc4 41. Rf3 b5 42. Rd3 b4 0-1